|
|
|
|
| LEADER |
00000nab a2200000 a 4500 |
| 001 |
vtls009006164 |
| 003 |
SK-MaSNL |
| 005 |
20260303065729.0 |
| 008 |
070710c20070516xo dr n 000 00slo |
| 015 |
|
|
|a SNBRB2007/07SVKPO
|
| 038 |
|
|
|a SVKPOCL
|
| 040 |
|
|
|a SVKPOCL
|b slo
|c AACR2
|e AACR2
|
| 041 |
|
|
|a slo
|
| 044 |
|
|
|a xo
|c SK
|
| 080 |
|
|
|a 612.466.1
|2 2001
|
| 080 |
|
|
|a 616.62-003.7
|2 2001
|
| 100 |
1 |
|
|a Šmihulová, Adriena
|4 aut
|9 838764
|
| 245 |
1 |
0 |
|a Sú na špičke
|b Klinika urológie FNsP J. A. Reimana mení svoju tvár
|c Adriena Šmihulová
|
| 246 |
3 |
|
|a Klinika urológie FNsP J. A. Reimana mení svoju tvár
|
| 300 |
|
|
|a Fotogr.
|
| 610 |
2 |
7 |
|a Fakultná nemocnica s poliklinikou J. A. Reimana (Prešov, Slovensko)
|b Klinika urológie
|2 svkpocl
|9 97936
|
| 650 |
0 |
7 |
|a urológia
|2 svkpocl
|9 2605
|
| 651 |
|
7 |
|a Prešov (Slovensko)
|2 svkpocl
|9 17347
|
| 773 |
0 |
|
|t Prešovský večerník
|g Roč. XVIII, č. 4199 (16.5.2007), s. 7
|x 1336-4030
|
| 852 |
|
|
|a SVKPO
|b KIS3GCP
|
| 856 |
4 |
1 |
|u www.vecernik.po.sk
|
| 958 |
|
|
|a RG
|
| 999 |
|
|
|c 1752400
|d 1754330
|